Matrimonio igualitario y derecho constitucional de familia : Ley 26.618 /

Guardado en:
Autor Principal: Gil Domínguez, Andrés
Otros Autores: Famá, María Victoria, Herrera, Marisa
Formato: Libro
Idioma:Spanish
Publicado: Buenos Aires : Ediar, 2010.
Edición:1a. ed.
Materias:
Etiquetas: Agregar Etiqueta
Sin Etiquetas, Sea el primero en etiquetar este registro!
LEADER 00619nam a22001815a 4500
001 DER.der011247
008 180615s2010####ag#||||||||||||||#||spa||
005 20251211155531.0
245 1 0 |a Matrimonio igualitario y derecho constitucional de familia :  |b Ley 26.618 /  |c Andrés Gil Domínguez, María Victoria Famá y Marisa Herrera. 
250 |a 1a. ed. 
260 |a Buenos Aires :  |b Ediar,  |c 2010. 
300 |a 629 p. 
020 |a 9789505742691 
100 1 |a Gil Domínguez, Andrés 
700 1 |a Famá, María Victoria 
700 1 |a Herrera, Marisa 
650 7 |a DERECHO DE FAMILIA 
859 |a DERECHO  |b BIB. DERECHO  |h 346.013  |i GIL  |p 006634